Music Quiz

Random Music or Song Quiz

Albums by Song Title Words Quiz Stats

 Plays Quiz Updated Mar 30, 2020

Support Sporcle.
Go Orange.
Score 0/34 Timer 08:00
0 Plays Today
Song Title Words Album % Correct
Bloom Smells PlainNevermind
64.2%
Broken American HolidayAmerican Idiot
56.8%
Misty California DogLed Zeppelin IV
56.6%
Ironic Head HandJagged Little Pill
52.5%
Another Numb GoodbyeThe Wall
50.5%
Crazy Sweet MichelleAppetite for Destruction
46.9%
Happier Paranoid PoliceOK Computer
46.4%
Enter Unforgiven MiseryMetallica (The Black Album)
46.4%
Wanna Beat GirlThriller
44.4%
Drink Hells PollutionBack In Black
40.1%
Wouldn't God BelievePet Sounds
39.3%
Material Angel DressLike A Virgin
32%
California E.T. DreamTeenage Dream
32%
Lovely Kite HoleSgt. Pepper's...
30.1%
Suck Away GirlBlood Sugar Sex Magik
28.9%
Fooled My EyesWho's Next
28.9%
Losing Shiny RadioOut of Time
27.5%
Song Title Words Album % Correct
Mysterious Cruel ZooAchtung Baby
27.5%
Pretty Fast KidHotel California
25.4%
Heaven Ain't ParadiseBat Out Of Hell
24.2%
Hardest Home NationElephant
23.6%
Sweet Tumbling TurdExile on Main St.
22.8%
Deep Garden PorchTen
21.4%
Money Walk TrickBrothers in Arms
21.3%
Bad Telephone TeethThe Fame Monster
21.3%
Rainy Memphis LadyBlonde on Blonde
19.9%
Hateful Vain DeathLondon Calling
17%
That Bigmouth BoyThe Queen is Dead
16.4%
Fire Other EndThe Doors
16.3%
Women Love SugarHysteria
15.9%
Perfect Mr. RoundAugust and Everything After
11.1%
Somebody Done SmileHot Fuss
9.5%
Hey Monkey ManDoolittle
8.5%
Murder Miss MotherSynchronicity
7.8%

From the Vault

NFL Career Ranking Showdown

by needapausebutton

Sports 8m
It pains us to think that Johnny Manziel may never be statistically significant enough to be on a quiz like this.
Remove Ads.
Support Sporcle.
Get the best of Sporcle when you Go Orange. This ad-free experience offers more features, more stats, and more fun while also helping to support Sporcle. Thank you for becoming a member.

Show Comments

Extras

Top Quizzes Today


Score Distribution

Your Account Isn't Verified!

In order to create a playlist on Sporcle, you need to verify the email address you used during registration. Go to your Sporcle Settings to finish the process.

Report this User

Report this user for behavior that violates our Community Guidelines.

Details: